000 00854nam a2200229Ii 4500
003 JO-AjNU
008 230605s9999||||xx |||||||||||||| ||und||
017 _a2010/9/3569
040 _aJO-AjNU
_bara
_erda
_cJO-AjNU
041 _aara
050 1 4 _aPJ6106 2011
100 3 _aتاليف فريحات،فاطمة محمد سعد,
_eauthor
_930044
245 0 0 _aالسلسة القصصية في قواعد اللغة العربية للأطفال
250 _aط1
264 3 1 _aاربد: عالم الكتب الحديث،2011
300 _a113ص
336 _atext
_btxt
_2rdacontent
337 _aunmediated
_bn
_2rdamedia
338 _avolume
_bnc
_2rdacarrier
490 0 _aالسلسلة القصصية في قواعد اللغة العربية
650 4 _aقواعد اللغة العربية السلسلة- اللغة العربية
_930045
999 _aA11863
_c15431
_d15431